[Event "DEM U12w 2024"]
[Site "Willingen GER"]
[Date "2024.05.25"]
[Round "9"]
[White "Haidekker, Ailis"]
[Black "Guliyeva, Zahra"]
[Result "0-1"]
[Termination "normal"]
[Board "19"]
[WhiteElo "1224"]
[BlackElo "1093"]
[WhiteClock "00:10:24"]
[BlackClock "01:07:52"]
[PlyCount "68"]
[WhiteFideId "34649263"]
[BlackFideId "34630198"]
[EventCountry "GER"]
[EventRounds "9"]
[EventType "swiss"]
[EventDate "2024.05.18"]

1. e4 {[%clk 01:30:59]} e5 {[%clk 01:30:56]} {[%emt 00:00:05]} 2. Nf3 {[%clk
01:31:25]} {[%emt 00:00:03]} d6 {[%clk 01:31:12]} {[%emt 00:00:14]} 3. d4
{[%clk 01:31:32]} {[%emt 00:00:23]} exd4 {[%clk 01:31:36]} {[%emt 00:00:07]} 4.
Nxd4 {[%clk 01:31:49]} {[%emt 00:00:13]} Be7 {[%clk 01:30:00]} {[%emt
00:02:05]} 5. Bc4 {[%clk 01:30:10]} {[%emt 00:02:09]} Nf6 {[%clk 01:29:38]}
{[%emt 00:00:52]} 6. Nc3 {[%clk 01:24:38]} {[%emt 00:06:01]} c5 {[%clk
01:28:04]} {[%emt 00:02:06]} 7. Nf3 {[%clk 01:22:19]} {[%emt 00:02:48]} O-O
{[%clk 01:28:12]} {[%emt 00:00:23]} 8. O-O {[%clk 01:19:23]} {[%emt 00:03:25]}
Bg4 {[%clk 01:27:09]} {[%emt 00:01:33]} 9. h3 {[%clk 01:17:22]} {[%emt
00:02:31]} Bh5 {[%clk 01:27:35]} {[%emt 00:00:05]} 10. Bf4 {[%clk 01:10:31]}
{[%emt 00:07:21]} Nc6 {[%clk 01:26:42]} {[%emt 00:01:23]} 11. Re1 {[%clk
01:07:16]} {[%emt 00:03:44]} Nd4 {[%clk 01:23:12]} {[%emt 00:03:58]} 12. g4
{[%clk 01:01:21]} {[%emt 00:06:27]} Nxf3+ {[%clk 01:19:26]} {[%emt 00:04:16]}
13. Qxf3 {[%clk 01:01:13]} {[%emt 00:00:38]} Bg6 {[%clk 01:19:28]} {[%emt
00:00:28]} 14. Rad1 {[%clk 00:57:21]} {[%emt 00:04:21]} h6 {[%clk 01:17:49]}
{[%emt 00:02:10]} 15. h4 {[%clk 00:53:24]} {[%emt 00:04:27]} Nd7 {[%clk
01:14:55]} {[%emt 00:03:24]} 16. Bxd6 {[%clk 00:47:01]} {[%emt 00:06:53]} Bxd6
{[%clk 01:14:58]} {[%emt 00:00:28]} 17. Rxd6 {[%clk 00:46:25]} {[%emt
00:01:06]} Qe7 {[%clk 01:14:21]} {[%emt 00:01:04]} 18. Qf4 {[%clk 00:32:17]}
{[%emt 00:14:40]} Ne5 {[%clk 01:12:59]} {[%emt 00:01:52]} 19. Rd5 {[%clk
00:19:27]} {[%emt 00:13:21]} Nxc4 {[%clk 01:12:31]} {[%emt 00:00:57]} 20. h5
{[%clk 00:19:27]} {[%emt 00:00:30]} Bh7 {[%clk 01:12:10]} {[%emt 00:00:51]} 21.
b3 {[%clk 00:18:34]} {[%emt 00:01:24]} Nb6 {[%clk 01:12:24]} {[%emt 00:00:15]}
22. Re5 {[%clk 00:18:03]} {[%emt 00:01:01]} Qc7 {[%clk 01:12:03]} {[%emt
00:00:50]} 23. Nd5 {[%clk 00:14:08]} {[%emt 00:04:26]} Nxd5 {[%clk 01:12:18]}
{[%emt 00:00:16]} 24. exd5 {[%clk 00:14:29]} {[%emt 00:00:06]} f6 {[%clk
01:11:25]} {[%emt 00:01:23]} 25. d6 {[%clk 00:12:04]} {[%emt 00:02:57]} Qxd6
{[%clk 01:09:27]} {[%emt 00:02:28]} 26. Qc4+ {[%clk 00:12:02]} {[%emt
00:00:32]} Kh8 {[%clk 01:09:32]} {[%emt 00:00:26]} 27. Rd5 {[%clk 00:11:15]}
{[%emt 00:01:15]} Qc6 {[%clk 01:08:24]} {[%emt 00:01:37]} 28. Rxc5 {[%clk
00:11:04]} {[%emt 00:00:43]} Qf3 {[%clk 01:08:16]} {[%emt 00:00:29]} 29. Rc7
{[%clk 00:10:57]} {[%emt 00:00:45]} Rae8 {[%clk 01:07:49]} {[%emt 00:00:58]}
30. Rxe8 {[%clk 00:10:51]} {[%emt 00:00:36]} Rxe8 {[%clk 01:07:18]} {[%emt
00:01:01]} 31. Qb4 {[%clk 00:10:17]} {[%emt 00:00:59]} Qd1+ {[%clk 01:07:35]}
{[%emt 00:00:19]} 32. Kg2 {[%clk 00:10:23]} {[%emt 00:00:20]} Be4+ {[%clk
01:07:35]} {[%emt 00:00:33]} 33. Kg3 {[%clk 00:10:13]} {[%emt 00:00:40]} Qf3+
{[%clk 01:07:52]} {[%emt 00:00:11]} 34. Kh4 {[%clk 00:10:24]} {[%emt 00:00:20]}
g5+ {[%emt 00:00:11]} 0-1

[Event "DEM U12w 2024"]
[Site "Willingen GER"]
[Date "2024.05.25"]
[Round "9"]
[White "Prasannavenkatesan, Ananya"]
[Black "Baklan, Kira"]
[Result "1-0"]
[Termination "normal"]
[Board "20"]
[WhiteElo "1585"]
[BlackElo "1264"]
[WhiteClock "00:04:59"]
[BlackClock "01:00:17"]
[PlyCount "119"]
[WhiteFideId "34682724"]
[BlackFideId "34186514"]
[EventCountry "GER"]
[EventRounds "9"]
[EventType "swiss"]
[EventDate "2024.05.18"]

1. c4 {[%clk 01:30:57]} {[%emt 00:00:03]} Nf6 {[%clk 01:30:49]} {[%emt
00:00:12]} 2. Nc3 {[%clk 01:31:19]} {[%emt 00:00:07]} e6 {[%clk 01:31:12]}
{[%emt 00:00:07]} 3. Nf3 {[%clk 01:31:22]} {[%emt 00:00:28]} Bb4 {[%clk
01:29:51]} {[%emt 00:01:51]} 4. a3 {[%clk 01:29:32]} {[%emt 00:02:20]} Bxc3
{[%clk 01:29:57]} {[%emt 00:00:23]} 5. bxc3 {[%clk 01:29:51]} {[%emt 00:00:11]}
Nc6 {[%clk 01:28:37]} {[%emt 00:01:50]} 6. g3 {[%clk 01:28:34]} {[%emt
00:01:46]} d6 {[%clk 01:25:25]} {[%emt 00:03:43]} 7. Bg2 {[%clk 01:23:06]}
{[%emt 00:05:58]} O-O {[%clk 01:21:23]} {[%emt 00:04:33]} 8. d3 {[%clk
01:09:42]} {[%emt 00:13:54]} e5 {[%clk 01:16:35]} {[%emt 00:05:17]} 9. h3
{[%clk 00:36:19]} {[%emt 00:33:52]} Re8 {[%clk 01:12:42]} {[%emt 00:04:23]} 10.
g4 {[%clk 00:19:52]} {[%emt 00:16:58]} e4 {[%clk 01:07:31]} {[%emt 00:05:41]}
11. dxe4 {[%clk 00:16:34]} {[%emt 00:03:48]} Nxe4 {[%clk 01:07:50]} {[%emt
00:00:11]} 12. Qc2 {[%clk 00:12:42]} {[%emt 00:04:22]} Qe7 {[%clk 01:04:28]}
{[%emt 00:03:52]} 13. Be3 {[%clk 00:11:01]} {[%emt 00:02:11]} f5 {[%clk
00:59:46]} {[%emt 00:05:12]} 14. Nh2 {[%clk 00:09:50]} {[%emt 00:01:41]} f4
{[%clk 00:59:24]} {[%emt 00:00:52]} 15. Bxf4 {[%clk 00:08:45]} {[%emt
00:01:35]} Nxc3 {[%clk 00:59:43]} {[%emt 00:00:10]} 16. Be3 {[%clk 00:08:18]}
{[%emt 00:00:57]} Ne4 {[%clk 00:58:27]} {[%emt 00:01:47]} 17. Bxe4 {[%clk
00:07:46]} {[%emt 00:01:02]} Qxe4 {[%clk 00:58:51]} {[%emt 00:00:05]} 18. Qxe4
{[%clk 00:08:10]} {[%emt 00:00:07]} Rxe4 {[%clk 00:59:19]} {[%emt 00:00:02]}
19. Rc1 {[%clk 00:08:24]} {[%emt 00:00:16]} Ne5 {[%clk 00:59:21]} {[%emt
00:00:27]} 20. c5 {[%clk 00:08:19]} {[%emt 00:00:37]} Rc4 {[%clk 00:59:04]}
{[%emt 00:00:47]} 21. cxd6 {[%clk 00:07:10]} {[%emt 00:01:38]} Rxc1+ {[%clk
00:59:30]} {[%emt 00:00:04]} 22. Bxc1 {[%clk 00:07:37]} {[%emt 00:00:03]} cxd6
{[%clk 00:59:53]} {[%emt 00:00:06]} 23. f4 {[%clk 00:07:13]} {[%emt 00:00:56]}
Nc4 {[%clk 01:00:13]} {[%emt 00:00:09]} 24. Kf2 {[%clk 00:07:34]} {[%emt
00:00:10]} Be6 {[%clk 00:59:49]} {[%emt 00:00:53]} 25. f5 {[%clk 00:07:09]}
{[%emt 00:00:55]} Bf7 {[%clk 01:00:13]} {[%emt 00:00:06]} 26. Rd1 {[%clk
00:06:41]} {[%emt 00:00:57]} Rd8 {[%clk 01:00:05]} {[%emt 00:00:39]} 27. e4
{[%clk 00:05:48]} {[%emt 00:01:23]} d5 {[%clk 00:59:53]} {[%emt 00:00:42]} 28.
Nf3 {[%clk 00:05:23]} {[%emt 00:00:55]} h6 {[%clk 00:58:48]} {[%emt 00:01:35]}
29. e5 {[%clk 00:05:12]} {[%emt 00:00:42]} Kf8 {[%clk 00:57:45]} {[%emt
00:01:33]} 30. e6 {[%clk 00:04:53]} {[%emt 00:00:49]} Bg8 {[%clk 00:57:59]}
{[%emt 00:00:15]} 31. Be3 {[%clk 00:04:28]} {[%emt 00:00:55]} b6 {[%clk
00:57:19]} {[%emt 00:01:11]} 32. a4 {[%clk 00:03:36]} {[%emt 00:01:21]} Nb2
{[%clk 00:56:14]} {[%emt 00:01:35]} 33. Rb1 {[%clk 00:01:51]} {[%emt 00:02:06]}
Nd3+ {[%clk 00:55:14]} {[%emt 00:01:39]} 34. Ke2 {[%clk 00:01:59]} {[%emt
00:00:22]} Nc5 {[%clk 00:55:39]} {[%emt 00:00:05]} 35. Bxc5+ {[%clk 00:01:19]}
{[%emt 00:01:10]} bxc5 {[%clk 00:56:03]} {[%emt 00:00:06]} 36. Ne5 {[%clk
00:01:29]} {[%emt 00:00:20]} Rc8 {[%clk 00:54:11]} {[%emt 00:02:22]} 37. Rb7
{[%clk 00:01:18]} {[%emt 00:00:41]} c4 {[%clk 00:53:21]} {[%emt 00:01:20]} 38.
Ng6+ {[%clk 00:01:38]} {[%emt 00:00:11]} Ke8 {[%clk 00:53:41]} {[%emt
00:00:09]} 39. Rxg7 {[%clk 00:01:58]} {[%emt 00:00:10]} Bxe6 {[%clk 00:53:21]}
{[%emt 00:00:50]} 40. fxe6 {[%clk 00:02:17]} {[%emt 00:00:11]} Kd8 {[%clk
00:53:41]} {[%emt 00:00:10]} 41. Rg8+ {[%clk 00:02:21]} {[%emt 00:00:26]} Kc7
{[%clk 00:54:05]} {[%emt 00:00:07]} 42. Rxc8+ {[%clk 00:02:21]} {[%emt
00:00:29]} Kxc8 {[%clk 00:54:31]} {[%emt 00:00:03]} 43. Kd2 {[%clk 00:02:03]}
{[%emt 00:00:48]} d4 {[%clk 00:54:56]} {[%emt 00:00:06]} 44. h4 {[%clk
00:01:43]} {[%emt 00:00:51]} c3+ {[%clk 00:54:48]} {[%emt 00:00:37]} 45. Kc2
{[%clk 00:02:03]} {[%emt 00:00:09]} Kc7 {[%clk 00:54:58]} {[%emt 00:00:21]} 46.
g5 {[%clk 00:02:08]} {[%emt 00:00:24]} hxg5 {[%clk 00:55:23]} {[%emt 00:00:05]}
47. hxg5 {[%clk 00:02:30]} {[%emt 00:00:09]} Kd6 {[%clk 00:55:51]} {[%emt
00:00:03]} 48. Nf4 {[%clk 00:02:43]} {[%emt 00:00:16]} Ke7 {[%clk 00:56:09]}
{[%emt 00:00:12]} 49. g6 {[%clk 00:02:50]} {[%emt 00:00:23]} Kf6 {[%clk
00:56:28]} {[%emt 00:00:11]} 50. Kd3 {[%clk 00:01:50]} {[%emt 00:01:29]} a6
{[%clk 00:56:47]} {[%emt 00:00:12]} 51. a5 {[%clk 00:02:13]} {[%emt 00:00:08]}
Kf5 {[%clk 00:56:51]} {[%emt 00:00:26]} 52. e7 {[%clk 00:02:33]} {[%emt
00:00:10]} Kxf4 {[%clk 00:57:15]} {[%emt 00:00:05]} 53. e8=Q {[%clk 00:02:56]}
{[%emt 00:00:07]} Kf3 {[%clk 00:57:39]} {[%emt 00:00:06]} 54. g7 {[%clk
00:03:18]} {[%emt 00:00:08]} c2 {[%clk 00:58:04]} {[%emt 00:00:05]} 55. Kxc2
{[%clk 00:03:42]} {[%emt 00:00:07]} d3+ {[%clk 00:58:31]} {[%emt 00:00:02]} 56.
Kxd3 {[%clk 00:04:00]} {[%emt 00:00:12]} Kf4 {[%clk 00:58:58]} {[%emt
00:00:04]} 57. g8=Q {[%clk 00:04:18]} {[%emt 00:00:11]} Kf5 {[%clk 00:59:24]}
{[%emt 00:00:04]} 58. Qgf7+ {[%clk 00:04:39]} {[%emt 00:00:09]} Kg5 {[%clk
00:59:50]} {[%emt 00:00:05]} 59. Qeg8+ {[%clk 00:04:47]} {[%emt 00:00:21]} Kh6
{[%clk 01:00:17]} {[%emt 00:00:03]} 60. Qfg6# {[%clk 00:04:59]} {[%emt
00:00:18]} 1-0

[Event "DEM U12w 2024"]
[Site "Willingen GER"]
[Date "2024.05.25"]
[Round "9"]
[White "Rutschmann, Polly"]
[Black "Alnajjar, Sara"]
[Result "1-0"]
[Termination "normal"]
[Board "21"]
[WhiteElo "966"]
[BlackElo "1194"]
[WhiteClock "01:21:54"]
[BlackClock "01:25:39"]
[PlyCount "111"]
[WhiteFideId "34621261"]
[BlackFideId "34668659"]
[EventCountry "GER"]
[EventRounds "9"]
[EventType "swiss"]
[EventDate "2024.05.18"]

1. e4 {[%clk 01:30:56]} {[%emt 00:00:03]} e5 {[%clk 01:30:24]} {[%emt
00:00:37]} 2. Nf3 {[%clk 01:31:06]} {[%emt 00:00:19]} Nc6 {[%clk 01:30:27]}
{[%emt 00:00:28]} 3. Bc4 {[%clk 01:31:06]} {[%emt 00:00:30]} Bc5 {[%clk
01:29:54]} {[%emt 00:01:03]} 4. Nc3 {[%clk 01:30:45]} {[%emt 00:00:50]} Nf6
{[%clk 01:29:52]} {[%emt 00:00:32]} 5. d3 {[%clk 01:30:51]} {[%emt 00:00:23]}
d6 {[%clk 01:28:50]} {[%emt 00:01:34]} 6. h3 {[%clk 01:30:37]} {[%emt
00:00:43]} Be6 {[%clk 01:28:53]} {[%emt 00:00:28]} 7. Bb3 {[%clk 01:29:12]}
{[%emt 00:01:54]} h6 {[%clk 01:28:42]} {[%emt 00:00:42]} 8. Be3 {[%clk
01:29:31]} {[%emt 00:00:11]} Bb6 {[%clk 01:29:04]} {[%emt 00:00:08]} 9. d4
{[%clk 01:28:32]} {[%emt 00:01:28]} Bxb3 {[%clk 01:26:28]} {[%emt 00:03:07]}
10. axb3 {[%clk 01:28:43]} {[%emt 00:00:19]} Ne7 {[%clk 01:26:32]} {[%emt
00:00:26]} 11. d5 {[%clk 01:28:34]} {[%emt 00:00:39]} c6 {[%clk 01:26:06]}
{[%emt 00:00:55]} 12. dxc6 {[%clk 01:28:21]} {[%emt 00:00:44]} bxc6 {[%clk
01:26:02]} {[%emt 00:00:35]} 13. Bxb6 {[%clk 01:27:45]} {[%emt 00:01:05]} axb6
{[%clk 01:26:19]} {[%emt 00:00:13]} 14. Rxa8 {[%clk 01:27:32]} {[%emt
00:00:42]} Qxa8 {[%clk 01:26:38]} {[%emt 00:00:11]} 15. Qxd6 {[%clk 01:27:08]}
{[%emt 00:00:54]} Qa1+ {[%clk 01:26:28]} {[%emt 00:00:40]} 16. Nd1 {[%clk
01:27:08]} {[%emt 00:00:30]} Nxe4 {[%clk 01:25:06]} {[%emt 00:01:52]} 17. Qb8+
{[%clk 01:26:54]} {[%emt 00:00:43]} Kd7 {[%clk 01:25:23]} {[%emt 00:00:15]} 18.
Qxh8 {[%clk 01:26:32]} {[%emt 00:00:51]} Nf5 {[%clk 01:23:54]} {[%emt
00:01:59]} 19. Qh7 {[%clk 01:25:54]} {[%emt 00:01:07]} Ned6 {[%clk 01:23:39]}
{[%emt 00:00:47]} 20. g4 {[%clk 01:25:19]} {[%emt 00:01:01]} Ne7 {[%clk
01:23:13]} {[%emt 00:00:59]} 21. Qxg7 {[%clk 01:24:35]} {[%emt 00:01:13]} Qa5+
{[%clk 01:23:24]} {[%emt 00:00:20]} 22. c3 {[%emt 00:02:03]} e4 {[%emt
00:00:33]} 23. Ne5+ {[%emt 00:01:29]} Kc7 {[%clk 01:23:19]} {[%emt 00:01:34]}
24. Nc4 {[%clk 01:24:01]} {[%emt 00:01:05]} Qd5 {[%clk 01:22:44]} {[%emt
00:01:06]} 25. Nxd6 {[%clk 01:24:00]} {[%emt 00:00:21]} Kxd6 {[%clk 01:22:40]}
{[%emt 00:00:44]} 26. Qxh6+ {[%clk 01:22:54]} {[%emt 00:01:29]} Kc7 {[%clk
01:22:51]} {[%emt 00:00:27]} 27. Qf4+ {[%clk 01:22:18]} {[%emt 00:01:05]} Kb7
{[%clk 01:22:30]} {[%emt 00:00:53]} 28. c4 {[%clk 01:21:23]} {[%emt 00:01:25]}
Qe6 {[%clk 01:21:54]} {[%emt 00:01:04]} 29. Nc3 {[%clk 01:19:29]} {[%emt
00:02:25]} Ng6 {[%clk 01:21:42]} {[%emt 00:00:41]} 30. Qxe4 {[%clk 01:18:45]}
{[%emt 00:01:15]} Qxe4+ {[%clk 01:21:01]} {[%emt 00:01:11]} 31. Nxe4 {[%clk
01:19:06]} {[%emt 00:00:09]} Kc7 {[%clk 01:21:09]} {[%emt 00:00:22]} 32. h4
{[%clk 01:19:18]} {[%emt 00:00:18]} Nf4 {[%clk 01:21:31]} {[%emt 00:00:07]} 33.
h5 {[%clk 01:19:21]} {[%emt 00:00:28]} Nd3+ {[%clk 01:21:50]} {[%emt 00:00:11]}
34. Kd2 {[%clk 01:19:24]} {[%emt 00:00:24]} Ne5 {[%clk 01:21:54]} {[%emt
00:00:28]} 35. h6 {[%clk 01:19:41]} {[%emt 00:00:14]} Nf3+ {[%clk 01:22:07]}
{[%emt 00:00:17]} 36. Ke3 {[%clk 01:19:37]} {[%emt 00:00:33]} Ne5 {[%clk
01:21:56]} {[%emt 00:00:42]} 37. h7 {[%clk 01:19:44]} {[%emt 00:00:24]} Ng6
{[%clk 01:21:57]} {[%emt 00:00:28]} 38. h8=Q {[%emt 00:00:13]} Nxh8 {[%emt
00:00:21]} 39. Rxh8 {[%clk 01:19:33]} {[%emt 00:00:07]} Kd7 {[%clk 01:22:21]}
{[%emt 00:00:06]} 40. Rh7 {[%clk 01:19:41]} {[%emt 00:00:21]} Ke6 {[%clk
01:22:46]} {[%emt 00:00:07]} 41. Ng5+ {[%clk 01:19:57]} {[%emt 00:00:14]} Ke5
{[%clk 01:22:57]} {[%emt 00:00:19]} 42. Nxf7+ {[%clk 01:20:06]} {[%emt
00:00:21]} Kf6 {[%clk 01:22:56]} {[%emt 00:00:30]} 43. Nd8 {[%clk 01:19:33]}
{[%emt 00:01:03]} c5 {[%clk 01:23:11]} {[%emt 00:00:16]} 44. Rb7 {[%clk
01:19:42]} {[%emt 00:00:20]} b5 {[%clk 01:23:35]} {[%emt 00:00:07]} 45. cxb5
{[%clk 01:19:46]} {[%emt 00:00:26]} Ke5 {[%clk 01:23:42]} {[%emt 00:00:22]} 46.
Ra7 {[%clk 01:19:47]} {[%emt 00:00:29]} Kd5 {[%clk 01:24:04]} {[%emt 00:00:08]}
47. b6 {[%clk 01:20:12]} {[%emt 00:00:06]} c4 {[%clk 01:24:26]} {[%emt
00:00:07]} 48. bxc4+ {[%clk 01:20:12]} {[%emt 00:00:30]} Kxc4 {[%clk 01:24:53]}
{[%emt 00:00:03]} 49. b7 {[%clk 01:20:34]} {[%emt 00:00:09]} Kc5 {[%clk
01:24:33]} {[%emt 00:00:50]} 50. b8=Q {[%clk 01:20:45]} {[%emt 00:00:18]} Kd5
{[%clk 01:24:31]} {[%emt 00:00:31]} 51. Qb4 {[%clk 01:20:53]} {[%emt 00:00:22]}
Ke5 {[%clk 01:24:39]} {[%emt 00:00:23]} 52. Ra5+ {[%clk 01:21:12]} {[%emt
00:00:12]} Kf6 {[%clk 01:24:52]} {[%emt 00:00:16]} 53. Qd6+ {[%clk 01:21:23]}
{[%emt 00:00:19]} Kg7 {[%clk 01:25:02]} {[%emt 00:00:19]} 54. Ra7+ {[%clk
01:21:42]} {[%emt 00:00:13]} Kg8 {[%clk 01:25:16]} {[%emt 00:00:15]} 55. Nc6
{[%clk 01:21:54]} {[%emt 00:00:18]} Kh8 {[%clk 01:25:39]} {[%emt 00:00:08]} 56.
Qd8# {[%emt 00:00:08]} 1-0

[Event "DEM U12w 2024"]
[Site "Willingen GER"]
[Date "2024.05.25"]
[Round "9"]
[White "Birkenheier, Larissa"]
[Black "Jamalli, Malak"]
[Result "1/2-1/2"]
[Termination "normal"]
[Board "22"]
[WhiteElo "1501"]
[BlackElo "1197"]
[WhiteClock "00:56:59"]
[BlackClock "01:11:28"]
[PlyCount "40"]
[WhiteFideId "34626379"]
[BlackFideId "533000689"]
[EventCountry "GER"]
[EventRounds "9"]
[EventType "swiss"]
[EventDate "2024.05.18"]

1. e4 {[%clk 01:30:53]} {[%emt 00:00:06]} c5 {[%clk 01:30:52]} {[%emt
00:00:09]} 2. Nf3 {[%clk 01:30:51]} {[%emt 00:00:31]} d6 {[%clk 01:31:05]}
{[%emt 00:00:17]} 3. d4 {[%clk 01:30:46]} {[%emt 00:00:35]} cxd4 {[%clk
01:31:07]} {[%emt 00:00:28]} 4. Nxd4 {[%clk 01:30:43]} {[%emt 00:00:33]} Nf6
{[%clk 01:31:10]} {[%emt 00:00:27]} 5. Nc3 {[%clk 01:30:30]} {[%emt 00:00:43]}
g6 {[%clk 01:31:12]} {[%emt 00:00:29]} 6. Be3 {[%clk 01:30:13]} {[%emt
00:00:46]} Bg7 {[%clk 01:30:59]} {[%emt 00:00:44]} 7. f3 {[%clk 01:29:46]}
{[%emt 00:00:56]} Nbd7 {[%clk 01:30:21]} {[%emt 00:01:09]} 8. Qd2 {[%clk
01:28:42]} {[%emt 00:01:32]} h6 {[%clk 01:28:48]} {[%emt 00:02:04]} 9. O-O-O
{[%clk 01:25:30]} {[%emt 00:03:42]} Ne5 {[%clk 01:28:27]} {[%emt 00:00:51]} 10.
h3 {[%clk 01:22:50]} {[%emt 00:03:10]} d5 {[%clk 01:24:46]} {[%emt 00:04:12]}
11. f4 {[%clk 01:19:39]} {[%emt 00:03:40]} Nc4 {[%clk 01:23:03]} {[%emt
00:02:15]} 12. Bxc4 {[%clk 01:19:35]} {[%emt 00:00:33]} dxc4 {[%clk 01:23:17]}
{[%emt 00:00:16]} 13. e5 {[%clk 01:18:24]} {[%emt 00:01:40]} Nd5 {[%clk
01:22:14]} {[%emt 00:01:34]} 14. Ndb5 {[%clk 01:15:40]} {[%emt 00:03:13]} e6
{[%clk 01:20:17]} {[%emt 00:02:27]} 15. Nd6+ {[%clk 01:14:30]} {[%emt
00:01:40]} Kf8 {[%clk 01:19:26]} {[%emt 00:01:19]} 16. Nxd5 {[%clk 01:12:39]}
{[%emt 00:02:23]} exd5 {[%clk 01:18:31]} {[%emt 00:01:25]} 17. Bc5 {[%clk
01:11:08]} {[%emt 00:02:01]} Kg8 {[%clk 01:18:13]} {[%emt 00:00:49]} 18. Qxd5
{[%clk 01:11:05]} {[%emt 00:00:32]} Be6 {[%clk 01:17:03]} {[%emt 00:01:40]} 19.
Qd2 {[%clk 01:09:03]} {[%emt 00:02:30]} h5 {[%clk 01:13:24]} {[%emt 00:04:12]}
20. Nxb7 {[%clk 00:56:59]} {[%emt 00:12:33]} Qc7 {[%clk 01:11:28]} {[%emt
00:02:26]} 1/2-1/2